Statistics for Countries With the Most Nuclear Power Plants

Click here to take the quiz!

General Stats

  • This quiz has been taken 75 times
  • The average score is 9 of 10

Answer Stats

# of Nuclear Power PlantsCountry% Correct
58France
100%
46China
99%
15United Kingdom
99%
99United States
99%
42Japan
94%
37Russia
94%
19Canada
91%
22India
87%
24South Korea
81%
15Ukraine
78%

Score Distribution

Percentile by Number Answered

Percent of People with Each Score

Your Score History

You have not taken this quiz